<?xml version="1.0" encoding="UTF-8"?>
<marc:record xmlns:marc="http://www.loc.gov/MARC21/slim" type="Bibliographic">
   <marc:leader>00000pam a2200000 c 4500</marc:leader>
   <marc:controlfield tag="001">973108789</marc:controlfield>
   <marc:controlfield tag="003">DE-101</marc:controlfield>
   <marc:controlfield tag="005">20171203172623.0</marc:controlfield>
   <marc:controlfield tag="007">tu</marc:controlfield>
   <marc:controlfield tag="008">041209s2005    gw ||||| |||| 00||||ger  </marc:controlfield>
   <marc:datafield ind1=" " ind2=" " tag="015">
      <marc:subfield code="a">05,A48,1355</marc:subfield>
      <marc:subfield code="z">05,N02,2075</marc:subfield>
      <marc:subfield code="2">dnb</marc:subfield>
   </marc:datafield>
   <marc:datafield ind1="7" ind2=" " tag="016">
      <marc:subfield code="2">DE-101</marc:subfield>
      <marc:subfield code="a">973108789</marc:subfield>
   </marc:datafield>
   <marc:datafield ind1=" " ind2=" " tag="020">
      <marc:subfield code="a">9783426628607</marc:subfield>
      <marc:subfield code="c">kart. : EUR 8.95</marc:subfield>
      <marc:subfield code="9">978-3-426-62860-7</marc:subfield>
   </marc:datafield>
   <marc:datafield ind1=" " ind2=" " tag="020">
      <marc:subfield code="a">3426628600</marc:subfield>
      <marc:subfield code="c">kart. : EUR 8.95</marc:subfield>
      <marc:subfield code="9">3-426-62860-0</marc:subfield>
   </marc:datafield>
   <marc:datafield ind1="3" ind2=" " tag="024">
      <marc:subfield code="a">9783426628607</marc:subfield>
   </marc:datafield>
   <marc:datafield ind1=" " ind2=" " tag="035">
      <marc:subfield code="a">(DE-599)DNB973108789</marc:subfield>
   </marc:datafield>
   <marc:datafield ind1=" " ind2=" " tag="035">
      <marc:subfield code="a">(OCoLC)181441011</marc:subfield>
   </marc:datafield>
   <marc:datafield ind1=" " ind2=" " tag="040">
      <marc:subfield code="a">1245</marc:subfield>
      <marc:subfield code="b">ger</marc:subfield>
      <marc:subfield code="c">DE-101</marc:subfield>
      <marc:subfield code="d">9999</marc:subfield>
   </marc:datafield>
   <marc:datafield ind1=" " ind2=" " tag="041">
      <marc:subfield code="a">ger</marc:subfield>
      <marc:subfield code="h">eng</marc:subfield>
   </marc:datafield>
   <marc:datafield ind1=" " ind2=" " tag="044">
      <marc:subfield code="c">XA-DE-BY</marc:subfield>
   </marc:datafield>
   <marc:datafield ind1="7" ind2="4" tag="082">
      <marc:subfield code="a">810</marc:subfield>
      <marc:subfield code="a">B</marc:subfield>
      <marc:subfield code="q">DE-101</marc:subfield>
      <marc:subfield code="2">22sdnb</marc:subfield>
   </marc:datafield>
   <marc:datafield ind1="1" ind2=" " tag="100">
      <marc:subfield code="0">(DE-588)130514470</marc:subfield>
      <marc:subfield code="0">http://d-nb.info/gnd/130514470</marc:subfield>
      <marc:subfield code="0">(DE-101)130514470</marc:subfield>
      <marc:subfield code="a">Rose, Karen</marc:subfield>
      <marc:subfield code="d">1964-</marc:subfield>
      <marc:subfield code="e">Verfasser</marc:subfield>
      <marc:subfield code="4">aut</marc:subfield>
   </marc:datafield>
   <marc:datafield ind1="0" ind2="0" tag="245">
      <marc:subfield code="a">Eiskalt ist die Zärtlichkeit</marc:subfield>
      <marc:subfield code="b">Roman</marc:subfield>
      <marc:subfield code="c">Karen Rose. Aus dem Amerikan. von Elisabeth Hartmann</marc:subfield>
   </marc:datafield>
   <marc:datafield ind1=" " ind2=" " tag="250">
      <marc:subfield code="a">Dt. Erstausg.</marc:subfield>
   </marc:datafield>
   <marc:datafield ind1=" " ind2=" " tag="259">
      <marc:subfield code="a">dte</marc:subfield>
   </marc:datafield>
   <marc:datafield ind1=" " ind2="1" tag="264">
      <marc:subfield code="a">München</marc:subfield>
      <marc:subfield code="b">Knaur-Taschenbuch-Verl.</marc:subfield>
      <marc:subfield code="c">2005</marc:subfield>
   </marc:datafield>
   <marc:datafield ind1=" " ind2=" " tag="300">
      <marc:subfield code="a">636 S.</marc:subfield>
      <marc:subfield code="c">18 cm</marc:subfield>
   </marc:datafield>
   <marc:datafield ind1=" " ind2=" " tag="336">
      <marc:subfield code="a">Text</marc:subfield>
      <marc:subfield code="b">txt</marc:subfield>
      <marc:subfield code="2">rdacontent</marc:subfield>
   </marc:datafield>
   <marc:datafield ind1=" " ind2=" " tag="337">
      <marc:subfield code="a">ohne Hilfsmittel zu benutzen</marc:subfield>
      <marc:subfield code="b">n</marc:subfield>
      <marc:subfield code="2">rdamedia</marc:subfield>
   </marc:datafield>
   <marc:datafield ind1=" " ind2=" " tag="338">
      <marc:subfield code="a">Band</marc:subfield>
      <marc:subfield code="b">nc</marc:subfield>
      <marc:subfield code="2">rdacarrier</marc:subfield>
   </marc:datafield>
   <marc:datafield ind1="1" ind2=" " tag="490">
      <marc:subfield code="a">Knaur</marc:subfield>
      <marc:subfield code="v">62860</marc:subfield>
   </marc:datafield>
   <marc:datafield ind1=" " ind2=" " tag="520">
      <marc:subfield code="a">Für die Leserinnen von Sandra Brown und Linda Howard. Perfekt spielt Grace Winters die glückliche Ehefrau doch in Wahrheit ist ihr Leben die Hölle. Ihr Ehemann Robb ist ein unberechenbarer Psychopath. Schließlich setzt die junge Frau alles auf eine Karte: Sie täuscht ihren eigenen Tod vor, um endlich frei zu sein. Und der Plan geht zunächst auch auf. Doch während Grace sich in ihrem neuen Leben einrichtet und sich schließlich sogar einer neuen Liebe zu öffnen wagt, hat Robb ihre Spur aufgenommen. Er will sich zurückholen, was ihm gehört! &gt;So packend wie eine kalte Hand im Nacken und doch zugleich auch eine bewegende Liebesgeschichte.&lt; Publishers Weekly</marc:subfield>
   </marc:datafield>
   <marc:datafield ind1=" " ind2="7" tag="650">
      <marc:subfield code="0">(DE-588)4070668-0</marc:subfield>
      <marc:subfield code="0">http://d-nb.info/gnd/4070668-0</marc:subfield>
      <marc:subfield code="0">(DE-101)040706680</marc:subfield>
      <marc:subfield code="a">Ehemann</marc:subfield>
      <marc:subfield code="2">gnd</marc:subfield>
   </marc:datafield>
   <marc:datafield ind1=" " ind2="7" tag="650">
      <marc:subfield code="0">(DE-588)4133263-5</marc:subfield>
      <marc:subfield code="0">http://d-nb.info/gnd/4133263-5</marc:subfield>
      <marc:subfield code="0">(DE-101)041332636</marc:subfield>
      <marc:subfield code="a">Abnorme Persönlichkeit</marc:subfield>
      <marc:subfield code="2">gnd</marc:subfield>
   </marc:datafield>
   <marc:datafield ind1=" " ind2="7" tag="650">
      <marc:subfield code="0">(DE-588)4013634-6</marc:subfield>
      <marc:subfield code="0">http://d-nb.info/gnd/4013634-6</marc:subfield>
      <marc:subfield code="0">(DE-101)040136345</marc:subfield>
      <marc:subfield code="a">Ehefrau</marc:subfield>
      <marc:subfield code="2">gnd</marc:subfield>
   </marc:datafield>
   <marc:datafield ind1=" " ind2="7" tag="650">
      <marc:subfield code="0">(DE-588)4139974-2</marc:subfield>
      <marc:subfield code="0">http://d-nb.info/gnd/4139974-2</marc:subfield>
      <marc:subfield code="0">(DE-101)041399749</marc:subfield>
      <marc:subfield code="a">Scheintod</marc:subfield>
      <marc:subfield code="2">gnd</marc:subfield>
   </marc:datafield>
   <marc:datafield ind1=" " ind2="7" tag="650">
      <marc:subfield code="0">(DE-588)4017598-4</marc:subfield>
      <marc:subfield code="0">http://d-nb.info/gnd/4017598-4</marc:subfield>
      <marc:subfield code="0">(DE-101)040175987</marc:subfield>
      <marc:subfield code="a">Flucht</marc:subfield>
      <marc:subfield code="2">gnd</marc:subfield>
   </marc:datafield>
   <marc:datafield ind1=" " ind2=" " tag="653">
      <marc:subfield code="a">(VLB-PF)BC: Paperback</marc:subfield>
   </marc:datafield>
   <marc:datafield ind1=" " ind2=" " tag="653">
      <marc:subfield code="a">(VLB-WI)1: Hardcover, Softcover, Karte</marc:subfield>
   </marc:datafield>
   <marc:datafield ind1=" " ind2=" " tag="653">
      <marc:subfield code="a">(VLB-WG)120: Belletristik / Kriminalromane</marc:subfield>
   </marc:datafield>
   <marc:datafield ind1=" " ind2="7" tag="655">
      <marc:subfield code="0">(DE-588)1071854844</marc:subfield>
      <marc:subfield code="0">http://d-nb.info/gnd/1071854844</marc:subfield>
      <marc:subfield code="0">(DE-101)1071854844</marc:subfield>
      <marc:subfield code="a">Fiktionale Darstellung</marc:subfield>
      <marc:subfield code="2">gnd-content</marc:subfield>
   </marc:datafield>
   <marc:datafield ind1=" " ind2="7" tag="655">
      <marc:subfield code="a">Belletristische Darstellung</marc:subfield>
      <marc:subfield code="2">gnd</marc:subfield>
   </marc:datafield>
   <marc:datafield ind1="0" ind2="0" tag="689">
      <marc:subfield code="0">(DE-588)4070668-0</marc:subfield>
      <marc:subfield code="0">http://d-nb.info/gnd/4070668-0</marc:subfield>
      <marc:subfield code="0">(DE-101)040706680</marc:subfield>
      <marc:subfield code="D">s</marc:subfield>
      <marc:subfield code="a">Ehemann</marc:subfield>
   </marc:datafield>
   <marc:datafield ind1="0" ind2="1" tag="689">
      <marc:subfield code="0">(DE-588)4133263-5</marc:subfield>
      <marc:subfield code="0">http://d-nb.info/gnd/4133263-5</marc:subfield>
      <marc:subfield code="0">(DE-101)041332636</marc:subfield>
      <marc:subfield code="D">s</marc:subfield>
      <marc:subfield code="a">Abnorme Persönlichkeit</marc:subfield>
   </marc:datafield>
   <marc:datafield ind1="0" ind2="2" tag="689">
      <marc:subfield code="0">(DE-588)4013634-6</marc:subfield>
      <marc:subfield code="0">http://d-nb.info/gnd/4013634-6</marc:subfield>
      <marc:subfield code="0">(DE-101)040136345</marc:subfield>
      <marc:subfield code="D">s</marc:subfield>
      <marc:subfield code="a">Ehefrau</marc:subfield>
   </marc:datafield>
   <marc:datafield ind1="0" ind2="3" tag="689">
      <marc:subfield code="0">(DE-588)4139974-2</marc:subfield>
      <marc:subfield code="0">http://d-nb.info/gnd/4139974-2</marc:subfield>
      <marc:subfield code="0">(DE-101)041399749</marc:subfield>
      <marc:subfield code="D">s</marc:subfield>
      <marc:subfield code="a">Scheintod</marc:subfield>
   </marc:datafield>
   <marc:datafield ind1="0" ind2="4" tag="689">
      <marc:subfield code="0">(DE-588)4017598-4</marc:subfield>
      <marc:subfield code="0">http://d-nb.info/gnd/4017598-4</marc:subfield>
      <marc:subfield code="0">(DE-101)040175987</marc:subfield>
      <marc:subfield code="D">s</marc:subfield>
      <marc:subfield code="a">Flucht</marc:subfield>
   </marc:datafield>
   <marc:datafield ind1="0" ind2="5" tag="689">
      <marc:subfield code="A">f</marc:subfield>
      <marc:subfield code="a">Belletristische Darstellung</marc:subfield>
   </marc:datafield>
   <marc:datafield ind1="0" ind2=" " tag="689">
      <marc:subfield code="5">DE-101</marc:subfield>
      <marc:subfield code="5">DE-101</marc:subfield>
   </marc:datafield>
   <marc:datafield ind1="1" ind2="2" tag="700">
      <marc:subfield code="a">Rose, Karen</marc:subfield>
      <marc:subfield code="d">1964-</marc:subfield>
      <marc:subfield code="t">Don't tell</marc:subfield>
      <marc:subfield code="g">dt.</marc:subfield>
   </marc:datafield>
   <marc:datafield ind1=" " ind2="0" tag="830">
      <marc:subfield code="a">Knaur</marc:subfield>
      <marc:subfield code="v">62860</marc:subfield>
      <marc:subfield code="w">(DE-101)015116468</marc:subfield>
      <marc:subfield code="w">(DE-600)969893-0</marc:subfield>
      <marc:subfield code="9">562860</marc:subfield>
      <marc:subfield code="7">as</marc:subfield>
   </marc:datafield>
   <marc:datafield ind1=" " ind2=" " tag="850">
      <marc:subfield code="a">DE-101a</marc:subfield>
      <marc:subfield code="a">DE-101b</marc:subfield>
   </marc:datafield>
   <marc:datafield ind1="r" ind2=" " tag="925">
      <marc:subfield code="a">ra</marc:subfield>
   </marc:datafield>
</marc:record>
